Anno regni duodecimo Georgii III. Regis : At a General Assembly begun at New-Castle, in the government of the counties of New-Castle, Kent and Sussex, upon Delaware, the twentieth day of October, (and continued by adjournments to the twelfth of April following) in the twelfth year of the reign of our Sovereign Lord George the Third, King of Great-Britain, &c. Annoque domini 1772, the following acts were passed ...

Bibliographic Details
Corporate Author: Delaware
Format: eBook
Language:English
Series:Early American imprints. Evans (1639-1800) ; no. 12747.
Online Access:Evans Digital Edition

MARC

Tag First Indicator Second Indicator Subfields
LEADER 00000cam a22000001a 4500
001 in00002139405
006 m e d #
007 cr mn mmmmabba
008 850708s1773 deu sl s000 0 eng d
005 20260330192024.3
035 |z w007806 
035 |a MAAR8507083521B 
035 |9 mwa91-13449 
035 |a 317136 
035 |a aas03007806 
040 |a MWA  |c MWA  |e bdrb  |d UtOrBLW 
110 1 |a Delaware. 
240 1 0 |a Laws, etc. (Session laws : 1773 Apr.) 
245 1 0 |a Anno regni duodecimo Georgii III. Regis :  |b At a General Assembly begun at New-Castle, in the government of the counties of New-Castle, Kent and Sussex, upon Delaware, the twentieth day of October, (and continued by adjournments to the twelfth of April following) in the twelfth year of the reign of our Sovereign Lord George the Third, King of Great-Britain, &c. Annoque domini 1772, the following acts were passed ... 
264 3 |a [Wilmington, Del.] :  |b [Printed by James Adams],  |c [1773] 
300 |a pages 279-286 ;  |c (folio) 
336 |a text  |b txt  |2 rdacontent 
337 |a computer  |b c  |2 rdamedia 
338 |a online resource  |b cr  |2 rdacarrier 
500 |a Title taken from caption title and first lines of text. 
500 |a Imprint supplied by Rink. 
500 |a Pagination continues the session laws published from 1763 (Evans 9375). 
510 4 |a Evans  |c 12747 
510 4 |a Rink, E. Delaware,  |c 71 
530 |a Microform version available in the Readex Early American Imprints series. 
533 |a Electronic text and image data.  |b [Chester, Vt. :  |c Readex, a division of Newsbank, Inc.,  |d 2002-2004.  |e Includes files in TIFF, GIF and PDF formats with inclusion of keyword searchable text.  |f (Early American imprints. First series ; no. 12747). 
500 |a Electronic resource. 
752 |a United States  |b Delaware  |d Wilmington. 
830 0 |a Early American imprints.  |n Series I,  |p Evans (1639-1800) ;  |v no. 12747. 
856 4 1 |u http://proxy.library.tamu.edu/login?url=https://opac.newsbank.com/select/evans/12747  |y Evans Digital Edition  |t 0 
999 |a MARS 
999 f f |s 178ae5c6-7f7e-3929-80f1-7ac06d70d6f0  |i 12a80f65-0f95-388b-80f9-21757997ccfc  |t 0 
952 f f |a Texas A&M University  |b College Station  |c Electronic Resources  |s www_evans  |d Available Online  |t 0  |h No information provided 
998 f f |t 0  |l Available Online